LEADER 01100nam a2200277 i 4500 001 991001357679707536 005 20020507192011.0 008 970313s1995 ||| ||| | ita 035 $ab10836329-39ule_inst 035 $aLE01311042$9ExL 040 $aDip.to Matematica$beng 084 $aAMS 53C42 084 $aAMS 58G25 100 1 $aCapodiferro, Francesca$0536863 245 10$aSottovarieta minimali e rigidita spettrale. Tesi di laurea /$claureanda Francesca Capodiferro ; relat. Domenico Perrone 260 $aLecce :$bUniversità degli studi. Facoltà di Scienze. Corso di laurea in Matematica,$ca.a. 1995-96 650 4$aImmersions 650 4$aSpectral geometry 650 4$aSpectral problems 700 1 $aPerrone, Domenico 907 $a.b10836329$b02-04-14$c28-06-02 912 $a991001357679707536 945 $aLE013 TES 1995/96 CAP1$g1$i2013000081311$lle013$o-$pE0.00$q-$rl$s- $t0$u0$v0$w0$x0$y.i10945921$z28-06-02 996 $aSottovarieta minimali e rigidita spettrale. Tesi di laurea$9924037 997 $aUNISALENTO 998 $ale013$b01-01-97$cm$da $e-$feng$gxx $h0$i1 LEADER 01943nam 22005654a 450 001 9910783007203321 005 20230607214958.0 010 $a0-313-07542-5 035 $a(CKB)1000000000006419 035 $a(OCoLC)70769435 035 $a(CaPaEBR)ebrary10020886 035 $a(SSID)ssj0000228222 035 $a(PQKBManifestationID)11225796 035 $a(PQKBTitleCode)TC0000228222 035 $a(PQKBWorkID)10148632 035 $a(PQKB)10642076 035 $a(MiAaPQ)EBC3000753 035 $a(Au-PeEL)EBL3000753 035 $a(CaPaEBR)ebr10020886 035 $a(OCoLC)847438856 035 $a(EXLCZ)991000000000006419 100 $a20010205d2001 uy 0 101 0 $aeng 135 $aurcn||||||||| 181 $ctxt 182 $cc 183 $acr 200 10$aProclaiming political pluralism$b[electronic resource] $echurches and political transitions in Africa /$fIsaac Phiri 210 $aWestport, Conn. $cPraeger$d2001 215 $a1 online resource (174 p.) 225 1 $aReligion in the age of transformation,$x1087-2388 300 $aBibliographic Level Mode of Issuance: Monograph 311 $a0-275-97214-3 320 $aIncludes bibliographical references (p. [153]-165) and index. 410 0$aReligion in the age of transformation. 606 $aChristianity and politics$zAfrica, Sub-Saharan$xHistory$y20th century 606 $aChurch and state$zAfrica, Sub-Saharan$xHistory$y20th century 607 $aAfrica, Sub-Saharan$xPolitics and government$y1960- 607 $aAfrica, Sub-Saharan$xChurch history$y20th century 615 0$aChristianity and politics$xHistory 615 0$aChurch and state$xHistory 676 $a261.7/0968 700 $aPhiri$b Isaac$f1962-$01498378 801 0$bMiAaPQ 801 1$bMiAaPQ 801 2$bMiAaPQ 906 $aBOOK 912 $a9910783007203321 996 $aProclaiming political pluralism$93723904 997 $aUNINA